John Zukowski's definitive guide to Swing for Java 2 /
About the author: John Zukowski is a columnist for "Java World" magazine and a member of the JavaWorld Senior Advisory Board. Zukowski provides significant content for Sun's "Java Developer Connection" and is the guide for Java at About.com. He is a faculty member of the Mag...
| Main Author: | |
|---|---|
| Corporate Author: | |
| Format: | eBook |
| Language: | English |
| Published: |
Emeryville, Calif. :
APress,
[1999]
|
| Subjects: | |
| Online Access: | Connect to the full text of this electronic book Connect to the full text of this electronic book |
MARC
| Tag | First Indicator | Second Indicator | Subfields |
|---|---|---|---|
| LEADER | 00000cam a2200000La 4500 | ||
| 001 | in00001745621 | ||
| 005 | 20220105122452.0 | ||
| 006 | m o d | ||
| 007 | cr cn||||||||| | ||
| 008 | 010307s1999 caua o 001 0 eng d | ||
| 019 | |a 533244566 | ||
| 020 | |a 0585353808 (electronic bk.) | ||
| 020 | |a 9780585353807 (electronic bk.) | ||
| 020 | |a 9781430252511 (electronic bk.) | ||
| 020 | |a 1430252510 (electronic bk.) | ||
| 035 | |a (OCoLC)ocm47011302 | ||
| 035 | |a (OCoLC)47011302 |z (OCoLC)533244566 | ||
| 040 | |a N$T |b eng |e pn |c N$T |d OCL |d OCLCQ |d TUU |d OCLCQ |d TNF |d OCLCO |d OCLCQ |d ZCU |d OCLCF |d OCLCQ |d GW5XE |d UtOrBLW | ||
| 049 | |a TXAM | ||
| 050 | 4 | |a QA76.73.J38 |b Z8493 1999eb | |
| 082 | 0 | 4 | |a 005.13/3 |2 21 |
| 100 | 1 | |a Zukowski, John. |0 http://id.loc.gov/authorities/names/n97063742 | |
| 240 | 1 | 0 | |a Definitive guide to Swing for Java 2 |
| 245 | 1 | 0 | |a John Zukowski's definitive guide to Swing for Java 2 / |c John Zukowski. |
| 264 | 1 | |a Emeryville, Calif. : |b APress, |c [1999] | |
| 264 | 2 | |a New York, NY : |b Distributed to the Book trade worldwide by Springer-Verlag New York | |
| 264 | 4 | |c ©1999 | |
| 300 | |a 1 online resource (xvi, 861 pages) : |b illustrations | ||
| 336 | |a text |b txt |2 rdacontent | ||
| 337 | |a computer |b c |2 rdamedia | ||
| 338 | |a online resource |b cr |2 rdacarrier | ||
| 500 | |a Includes index. | ||
| 588 | |a Description based on print version record. | ||
| 505 | 0 | |a Introduction -- Swing Overview -- Event Handling with the Swing Component Set -- The Model-View-Controller Architecture -- Core Swing Components -- Toggle Buttons -- Swing Menus and Toolbars -- Borders -- Root Pane Containers -- Pop-Ups and Choosers -- Swing Layout Managers -- Advanced Swing Containers -- Bounded Range Components -- List Model Controls -- Basic Text Components -- Advanced Text Capabilities -- Sculpting Trees -- Tables -- Understanding the Pluggable Look and Feel Architecture -- Becoming Undone -- Appendix A: UI Manager Properties -- Appendix B: About the CD-ROM. | |
| 520 | |a About the author: John Zukowski is a columnist for "Java World" magazine and a member of the JavaWorld Senior Advisory Board. Zukowski provides significant content for Sun's "Java Developer Connection" and is the guide for Java at About.com. He is a faculty member of the MageLang Institute, a leading provider of advanced Java training. Zukowski has written many other popular titles on Java including "Java AWT Reference.". | ||
| 500 | |a Electronic resource. | ||
| 630 | 0 | 0 | |a Swing (Computer file) |0 http://id.loc.gov/authorities/names/n98025845 |
| 630 | 0 | 7 | |a Swing (Computer file) |2 fast |0 (OCoLC)fst01389480 |
| 650 | 0 | |a Java (Computer program language) |0 http://id.loc.gov/authorities/subjects/sh95008574 | |
| 650 | 7 | |a Java (Computer program language) |2 fast |0 (OCoLC)fst00982065 | |
| 655 | 7 | |a Electronic books. |2 local | |
| 710 | 2 | |a SpringerLink (Online service) |0 http://id.loc.gov/authorities/names/no2005046756 | |
| 776 | 1 | 8 | |i Print version: |a Zukowski, John. |s Definitive guide to Swing for Java 2. |t John Zukowski's definitive guide to Swing for Java 2. |d Emeryville, Calif. : APress ; New York, NY : Distributed to the Book trade worldwide by Springer-Verlag New York, ©1999 |z 189311502X |w (DLC) 99034562 |w (OCoLC)42976763 |
| 856 | 4 | 0 | |u https://proxy.library.tamu.edu/login?url=http://link.springer.com/10.1007/978-1-4302-5251-1 |z Connect to the full text of this electronic book |t 0 |
| 856 | 4 | 1 | |u https://proxy.library.tamu.edu/login?url=http://www.netLibrary.com/urlapi.asp?action=summary&v=1&bookid=23433 |z Connect to the full text of this electronic book |t 0 |
| 994 | |a 92 |b TXA | ||
| 999 | |a MARS | ||
| 999 | f | f | |s fd96b0d8-9d7f-3928-84c1-c5a00e827c28 |i 676322be-738f-30c2-a819-3af70a99ec1a |t 0 |
| 952 | f | f | |a Texas A&M University |b College Station |c Electronic Resources |d Available Online |t 0 |e QA76.73.J38 Z8493 1999eb |h Library of Congress classification |
| 998 | f | f | |a QA76.73.J38 Z8493 1999eb |t 0 |l Available Online |